[Event "Regionalliga SO 1314"]
[Site "Bayern"]
[Date "2014.02.23"]
[Round "7.1"]
[White "Salvermoser, Bernd"]
[Black "Uhlmann, Helge"]
[Result "1-0"]
[WhiteElo "2203"]
[BlackElo "2086"]
[PlyCount "75"]
[EventDate "2013.10.13"]
[EventType "team-tourn"]
[EventRounds "9"]
[EventCountry "GER"]
[SourceTitle "EXT 2015"]
[Source "ChessBase"]
[SourceDate "2014.11.20"]
[SourceVersion "1"]
[SourceVersionDate "2014.11.20"]
[SourceQuality "1"]
[WhiteTeam "Starnberger See"]
[BlackTeam "Graefelfing"]
[WhiteTeamCountry "GER"]
[BlackTeamCountry "GER"]

1. d4 Nf6 2. c4 d6 3. Nc3 Nbd7 4. e4 e5 5. d5 Be7 6. Be3 Nf8 7. Be2 Ng6 8. g3 h6 9. a3 Nh7 10. h4 Bd7 11. h5 Ngf8 12. f4 exf4 13. gxf4 Bh4+ 14. Kf1 Bf6 15. c5 Qe7 16. e5 dxe5 17. d6 cxd6 18. Nd5 Qd8 19. cxd6 Ne6 20. f5 Nd4 21. Nc7+ Kf8 22. Bxd4 exd4 23. Nxa8 Qxa8 24. Nf3 b6 25. Rc1 Qd5 26. Rc7 Qxd6 27. Rxa7 Kg8 28. Bc4 Qc6 29. Qb3 Ng5 30. Bd5 Qb5+ 31. Qxb5 Bxb5+ 32. Kf2 Bd3 33. Nxg5 hxg5 34. Bxf7+ Kh7 35. h6 Bxf5 36. Be6 Be4 37. hxg7+ Bxh1 38. g8Q+ 1-0

[Event "Regionalliga SO 1314"]
[Site "Bayern"]
[Date "2014.02.09"]
[Round "6.1"]
[White "Kieffer, Joachim"]
[Black "Salvermoser, Bernd"]
[Result "0-1"]
[WhiteElo "2147"]
[BlackElo "2203"]
[PlyCount "76"]
[EventDate "2013.10.13"]
[EventType "team-tourn"]
[EventRounds "9"]
[EventCountry "GER"]
[SourceTitle "EXT 2015"]
[Source "ChessBase"]
[SourceDate "2014.11.20"]
[SourceVersion "1"]
[SourceVersionDate "2014.11.20"]
[SourceQuality "1"]
[WhiteTeam "Bruckmuehl"]
[BlackTeam "Starnberger See"]
[WhiteTeamCountry "GER"]
[BlackTeamCountry "GER"]

1. d4 Nf6 2. Nc3 d5 3. Bg5 Nbd7 4. f4 c5 5. e3 cxd4 6. exd4 Qb6 7. a3 Ne4 8. Nxd5 Qa5+ 9. Nb4 h6 10. Bh4 g5 11. Bg3 e5 12. fxe5 Bxb4+ 13. axb4 Qxb4+ 14. c3 Qxb2 15. Ne2 Nb6 16. Rb1 Qa2 17. Ra1 Qc4 18. Qc1 0-0 19. Qe3 Bf5 20. h4 Nd5 21. Qf3 Bg6 22. Rc1 Qb3 23. hxg5 hxg5 24. Bf2 Qb2 25. Rd1 Rfc8 26. Qh3 Kf8 27. e6 Ndxc3 28. exf7 Nxd1 29. Qh8+ Kxf7 30. Rh7+ Bxh7 31. Qxh7+ Kf6 32. Qxe4 Re8 33. Qf3+ Kg7 34. Bg3 Nc3 35. Qf5 Qb1+ 36. Qxb1 Nxb1 37. Be5+ Rxe5 38. dxe5 Re8 0-1

[Event "Regionalliga SO 1314"]
[Site "Bayern"]
[Date "2014.01.19"]
[Round "5.1"]
[White "Zenker, Ulrich"]
[Black "Salvermoser, Bernd"]
[Result "1-0"]
[WhiteElo "2118"]
[BlackElo "2203"]
[PlyCount "127"]
[EventDate "2013.10.13"]
[EventType "team-tourn"]
[EventRounds "9"]
[EventCountry "GER"]
[SourceTitle "EXT 2015"]
[Source "ChessBase"]
[SourceDate "2014.11.20"]
[SourceVersion "1"]
[SourceVersionDate "2014.11.20"]
[SourceQuality "1"]
[WhiteTeam "Ebersberg Grafing"]
[BlackTeam "Starnberger See"]
[WhiteTeamCountry "GER"]
[BlackTeamCountry "GER"]

1. e4 c5 2. Nf3 d6 3. Bb5+ Nc6 4. Bxc6+ bxc6 5. 0-0 e5 6. c3 f5 7. d4 cxd4 8. cxd4 fxe4 9. Ng5 d5 10. dxe5 Be7 11. Nc3 Bxg5 12. Qh5+ g6 13. Qxg5 Qxg5 14. Bxg5 h6 15. Be3 Ne7 16. Na4 Nf5 17. Rac1 d4 18. Bd2 e3 19. fxe3 dxe3 20. Bb4 Be6 21. b3 Rc8 22. Bc5 Rh7 23. Nc3 Rf7 24. Rfe1 Rd8 25. Bxe3 Nxe3 26. Rxe3 Ke7 27. Rf1 Rd2 28. Re2 Rd3 29. Ne4 Rf5 30. Nc5 Rxf1+ 31. Kxf1 Rd1+ 32. Kf2 Bd5 33. Ke3 Rc1 34. Kd4 Rd1+ 35. Kc3 Rc1+ 36. Kd4 a5 37. Nd3 Rd1 38. Ke3 g5 39. g3 Ra1 40. Rc2 Kd7 41. Nc1 Rb1 42. Nd3 Ra1 43. Nc5+ Ke7 44. Rf2 Re1+ 45. Kd4 Rd1+ 46. Nd3 Bg8 47. Kc3 Bh7 48. Rd2 Ra1 49. Kb2 Rg1 50. Nc5 Bf5 51. Nb7 a4 52. b4 h5 53. Nc5 h4 54. gxh4 gxh4 55. Nxa4 h3 56. Nc5 Re1 57. a4 Rxe5 58. a5 Kf6 59. a6 Re7 60. Nd7+ Bxd7 61. a7 Re8 62. Rxd7 Re2+ 63. Kb3 Re3+ 64. Ka4 1-0

[Event "Regionalliga SO 1314"]
[Site "Bayern"]
[Date "2013.11.24"]
[Round "3.1"]
[White "Vidonyak, Roman"]
[Black "Salvermoser, Bernd"]
[Result "1-0"]
[WhiteElo "2403"]
[BlackElo "2203"]
[PlyCount "117"]
[EventDate "2013.10.13"]
[EventType "team-tourn"]
[EventRounds "9"]
[EventCountry "GER"]
[SourceTitle "EXT 2015"]
[Source "ChessBase"]
[SourceDate "2014.11.20"]
[SourceVersion "1"]
[SourceVersionDate "2014.11.20"]
[SourceQuality "1"]
[WhiteTeam "Tegernsee"]
[BlackTeam "Starnberger See"]
[WhiteTeamCountry "GER"]
[BlackTeamCountry "GER"]

1. d4 Nf6 2. c4 c5 3. d5 e5 4. Nc3 d6 5. e4 Be7 6. g3 Nbd7 7. Bg2 a6 8. Nge2 Rb8 9. a4 h5 10. h4 g6 11. Ng1 Kf8 12. Nh3 Kg7 13. Bd2 Ne8 14. 0-0 Nc7 15. Qe2 Bf6 16. Rab1 b5 17. b3 bxc4 18. bxc4 Rb4 19. a5 Na8 20. Ra1 Qe8 21. Na4 Rb8 22. Bc3 Bd8 23. f4 f6 24. Ra2 Rh7 25. Nb2 Kg8 26. Nd1 Nf8 27. Ne3 Rb3 28. Qc2 Rhb7 29. f5 Nh7 30. Bf3 Bd7 31. Bd1 g5 32. Qd2 Rb1 33. Kh2 g4 34. Nf2 Rb8 35. Bb2 Bxa5 36. Qc2 R1xb2 37. Rxb2 Bb4 38. Nd3 a5 39. Nxb4 cxb4 40. c5 Bb5 41. Rf2 dxc5 42. Qxc5 Nf8 43. Qa7 Qd8 44. d6 Nd7 45. Nd5 Nab6 46. Ne7+ Kg7 47. Qxa5 Nc4 48. Qxd8 Rxd8 49. Rxb4 Nxd6 50. Rd2 Nc5 51. Rxb5 Ncxe4 52. Rbd5 Nxd2 53. Rxd2 Re8 54. Rxd6 Rxe7 55. Ba4 Kf7 56. Rd7 e4 57. Kg2 Rxd7 58. Bxd7 Ke7 59. Be6 1-0

[Event "Regionalliga SO 1314"]
[Site "Bayern"]
[Date "2013.11.10"]
[Round "2.1"]
[White "Salvermoser, Bernd"]
[Black "Fogarasi, Tibor"]
[Result "0-1"]
[WhiteElo "2203"]
[BlackElo "2401"]
[PlyCount "48"]
[EventDate "2013.10.13"]
[EventType "team-tourn"]
[EventRounds "9"]
[EventCountry "GER"]
[SourceTitle "EXT 2015"]
[Source "ChessBase"]
[SourceDate "2014.11.20"]
[SourceVersion "1"]
[SourceVersionDate "2014.11.20"]
[SourceQuality "1"]
[WhiteTeam "Starnberger See"]
[BlackTeam "Trostberg"]
[WhiteTeamCountry "GER"]
[BlackTeamCountry "GER"]

1. d4 Nf6 2. c4 g6 3. Nc3 d5 4. Bf4 Bg7 5. e3 0-0 6. b4 a5 7. b5 c5 8. bxc6 Nxc6 9. Rb1 Bf5 10. Rxb7 Nb4 11. c5 Nc2+ 12. Kd2 Ng4 13. Qf3 e5 14. h3 exd4 15. exd4 Nxd4 16. Qg3 Nf6 17. Bd6 Re8 18. Nf3 Nh5 19. Qh2 Nxf3+ 20. gxf3 Qf6 21. Ne2 Qa1 22. Be7 Qxa2+ 23. Ke1 Rxe7 24. Rxe7 Qb1+ 0-1

[Event "Regionalliga SO 1314"]
[Site "Bayern"]
[Date "2013.10.13"]
[Round "1.1"]
[White "Maierhofer, Johann"]
[Black "Salvermoser, Bernd"]
[Result "0-1"]
[WhiteElo "2099"]
[BlackElo "2203"]
[PlyCount "82"]
[EventDate "2013.10.13"]
[EventType "team-tourn"]
[EventRounds "9"]
[EventCountry "GER"]
[SourceTitle "EXT 2015"]
[Source "ChessBase"]
[SourceDate "2014.11.20"]
[SourceVersion "1"]
[SourceVersionDate "2014.11.20"]
[SourceQuality "1"]
[WhiteTeam "Waldkraiburg"]
[BlackTeam "Starnberger See"]
[WhiteTeamCountry "GER"]
[BlackTeamCountry "GER"]

1. c4 c5 2. Nc3 d6 3. g3 g6 4. Bg2 Nc6 5. e4 Rb8 6. Nge2 a6 7. d4 cxd4 8. Nxd4 Bg7 9. Be3 Ne5 10. b3 Ng4 11. Bc1 Qb6 12. Nce2 e5 13. h3 exd4 14. hxg4 d3 15. Be3 Qa5+ 16. Bd2 dxe2 17. Qxe2 Qa3 18. Rd1 Qxa2 19. Qd3 Bxg4 20. f3 Be6 21. Rh2 Qa3 22. Bf1 Qc5 23. Be3 Qc6 24. Be2 h5 25. Bf1 Ne7 26. Rc2 0-0 27. Bg2 Rfd8 28. f4 Bg4 29. Rdd2 Qc7 30. Qf1 Qa5 31. Kf2 Qa3 32. Rd3 Nc6 33. Rcd2 Nb4 34. Rxd6 Rxd6 35. Rxd6 Qxb3 36. e5 Rc8 37. c5 Bf8 38. Bxb7 Rc7 39. Rb6 Rxc5 40. Be4 Rc3 41. Qe1 Rxe3 0-1

[Event "Regionalliga SO 1213"]
[Site "Bayern"]
[Date "2013.04.14"]
[Round "9.1"]
[White "Schmidt, Peter"]
[Black "Salvermoser, Bernd"]
[Result "1/2-1/2"]
[WhiteElo "2320"]
[BlackElo "2234"]
[PlyCount "84"]
[EventDate "2012.10.14"]
[EventType "team-tourn"]
[EventRounds "9"]
[EventCountry "GER"]
[SourceTitle "EXT 2015"]
[Source "ChessBase"]
[SourceDate "2014.11.20"]
[SourceVersion "1"]
[SourceVersionDate "2014.11.20"]
[SourceQuality "1"]
[WhiteTeam "Roehrnbach"]
[BlackTeam "Starnberger See"]
[WhiteTeamCountry "GER"]
[BlackTeamCountry "GER"]

1. Nf3 c5 2. c4 Nf6 3. Nc3 e6 4. g3 b6 5. Bg2 Bb7 6. 0-0 Be7 7. d4 cxd4 8. Qxd4 a6 9. Bg5 d6 10. Bxf6 Bxf6 11. Qd3 Ra7 12. Rad1 Be7 13. Nd4 Bxg2 14. Kxg2 h5 15. f4 g6 16. e4 Qc8 17. f5 Nc6 18. Nxc6 Qxc6 19. fxe6 fxe6 20. Ne2 e5 21. Nc3 Rf8 22. Nd5 b5 23. Qe3 Rb7 24. cxb5 Rxb5 25. b4 Rxf1 26. Rxf1 Rxd5 27. exd5 Qxd5+ 28. Qf3 Qxa2+ 29. Rf2 Qc4 30. Re2 Kd7 31. Re4 Qc6 32. h4 Bf6 33. g4 d5 34. Re2 e4 35. Qf4 Qe6 36. gxh5 gxh5 37. Rf2 Be7 38. Qf5 e3 39. Qxe6+ Kxe6 40. Ra2 Ke5 41. Kf3 Kd4 42. Rxa6 Bxh4 1/2-1/2

[Event "Regionalliga SO 1213"]
[Site "Bayern"]
[Date "2013.03.17"]
[Round "8.1"]
[White "Salvermoser, Bernd"]
[Black "Zenker, Ulrich"]
[Result "1-0"]
[WhiteElo "2234"]
[BlackElo "2127"]
[PlyCount "78"]
[EventDate "2012.10.14"]
[EventType "team-tourn"]
[EventRounds "9"]
[EventCountry "GER"]
[SourceTitle "EXT 2015"]
[Source "ChessBase"]
[SourceDate "2014.11.20"]
[SourceVersion "1"]
[SourceVersionDate "2014.11.20"]
[SourceQuality "1"]
[WhiteTeam "Starnberger See"]
[BlackTeam "Ebersberg Grafing"]
[WhiteTeamCountry "GER"]
[BlackTeamCountry "GER"]

1. d4 g6 2. e4 Bg7 3. Nc3 c6 4. f4 d5 5. e5 h5 6. Be3 Nh6 7. Nf3 Bg4 8. Be2 Nd7 9. Bf2 Qc7 10. h3 Bxf3 11. Bxf3 0-0-0 12. Qd2 Nb6 13. b3 e6 14. a4 Qe7 15. a5 Nd7 16. a6 b6 17. Ke2 h4 18. Nb5 Kb8 19. Nd6 Nf5 20. Nxf5 exf5 21. c4 f6 22. cxd5 fxe5 23. dxe5 g5 24. dxc6 gxf4 25. Qd6+ Qxd6 26. exd6 Rde8+ 27. Kd2 Nf6 28. Bd4 Re6 29. c7+ Kc8 30. Bb7+ Kd7 31. c8Q+ Rxc8 32. Bxc8+ Kxc8 33. Rac1+ Kd8 34. Bxf6+ Bxf6 35. Rhd1 Rxd6+ 36. Ke2 Kd7 37. Rxd6+ Kxd6 38. Rc8 Bb2 39. Kd3 Bc1 1-0

[Event "Bayern-chI Bank Hofmann 16th"]
[Site "Bad Wiessee"]
[Date "2012.11.01"]
[Round "6"]
[White "Salvermoser, Bernd"]
[Black "Mainka, Romuald"]
[Result "1-0"]
[WhiteElo "2274"]
[BlackElo "2441"]
[PlyCount "75"]
[EventDate "2012.10.27"]
[EventType "swiss"]
[EventRounds "9"]
[EventCountry "GER"]
[SourceTitle "EXT 2013"]
[Source "ChessBase"]
[SourceDate "2012.11.22"]
[SourceVersion "1"]
[SourceVersionDate "2012.11.22"]
[SourceQuality "1"]

1. d4 d5 2. c4 e6 3. Nc3 Bb4 4. Qa4+ Nc6 5. Nf3 Nge7 6. a3 Bxc3+ 7. bxc3 0-0 8. cxd5 exd5 9. e3 Bg4 10. Be2 Nc8 11. Qb5 Rb8 12. c4 N6e7 13. cxd5 Nxd5 14. Bd2 Re8 15. h3 c6 16. Qa5 Qxa5 17. Bxa5 Bf5 18. g4 Be4 19. 0-0 Ncb6 20. Rfc1 f6 21. Nd2 Bg6 22. Nc4 Rbd8 23. Bf1 Rd7 24. a4 Nxc4 25. Bxc4 Bf7 26. Ra3 h5 27. Kg2 g5 28. Bd3 Kg7 29. Bd2 Ne7 30. a5 a6 31. Ra4 Bg6 32. Be2 Nd5 33. gxh5 Bf7 34. Bg4 Rde7 35. Bb4 Re4 36. Bc5 Kh6 37. Rb1 Nc3 38. Rxb7 1-0

[Event "Regionalliga SO 1213"]
[Site "Bayern"]
[Date "2012.10.14"]
[Round "1.1"]
[White "Salvermoser, Bernd"]
[Black "Poetsch, Klaus"]
[Result "1-0"]
[WhiteElo "2234"]
[BlackElo "2043"]
[PlyCount "91"]
[EventDate "2012.10.14"]
[EventType "team-tourn"]
[EventRounds "9"]
[EventCountry "GER"]
[SourceTitle "EXT 2015"]
[Source "ChessBase"]
[SourceDate "2014.11.20"]
[SourceVersion "1"]
[SourceVersionDate "2014.11.20"]
[SourceQuality "1"]
[WhiteTeam "Starnberger See"]
[BlackTeam "Waldkraiburg"]
[WhiteTeamCountry "GER"]
[BlackTeamCountry "GER"]

1. d4 e6 2. c4 d5 3. Nc3 Nf6 4. cxd5 exd5 5. Bg5 Nbd7 6. e3 Be7 7. Qc2 0-0 8. Nf3 Re8 9. Bd3 Nf8 10. 0-0 c6 11. Bxf6 Bxf6 12. b4 a6 13. a4 Be7 14. b5 axb5 15. axb5 Rxa1 16. Rxa1 Bd6 17. Ra8 g6 18. bxc6 bxc6 19. Ba6 Bxa6 20. Rxd8 Rxd8 21. Qa4 Bb7 22. Qa7 Rd7 23. e4 Bb4 24. Ne5 Re7 25. exd5 cxd5 26. Nb5 Bc8 27. Qa4 Be1 28. Nd6 Be6 29. g3 f6 30. Nd3 Bd2 31. Kg2 Bh6 32. h3 Kh8 33. f4 Rd7 34. Nb5 Bf5 35. Nc5 Re7 36. Nd6 Be4+ 37. Kf2 f5 38. Ncxe4 fxe4 39. Qb5 e3+ 40. Ke2 Bg7 41. Qxd5 Ra7 42. Kxe3 Ra3+ 43. Kf2 Ra1 44. Ke2 Rg1 45. Ne4 h6 46. Qf7 1-0